La economía cubana : reforma estructurales y desempeño en los noventa
| Main Author: | |
|---|---|
| Format: | Section = Libro |
| Language: | Undetermined Spanish |
| Published: |
México
Fondo de Cultura Económica
1997
|
| Subjects: |
| LEADER | 00590nam a2200193Ia 4500 | ||
|---|---|---|---|
| 008 | 240829s9999 xx 000 0 und d | ||
| 020 | |a 968-16-5465-X | ||
| 040 | |a BIBLIOTECA-RUSB/ Ref 330 C733 | ||
| 041 | |a spa | ||
| 082 | |a Ref 330 C733 | ||
| 100 | 1 | |a Cuba. Comisión económica para américa latina y el caribe | |
| 245 | 1 | 0 | |a La economía cubana : reforma estructurales y desempeño en los noventa |
| 260 | |a México |b Fondo de Cultura Económica |c 1997 | ||
| 300 | |a 627 p. :il. | ||
| 650 | 7 | |a ECONOMIA-CUBA | |
| 650 | 7 | |b MACROECONOMIA | |
| 942 | |c BK |2 ddc | ||
| 991 | |a TEXTO | ||
| 999 | |c 5746 | ||